[Event "4. Torneo Campus Ourense 2017"]
[Site "Ourense ESP"]
[Date "2017.07.04"]
[Round "5.1"]
[White "Fedorchuk, Sergey A"]
[Black "Naumkin, Igor"]
[Result "1-0"]
[WhiteElo "2628"]
[BlackElo "2397"]
[PlyCount "63"]
[EventDate "2017.07.01"]
[EventType "swiss"]
[EventRounds "9"]
[EventCountry "ESP"]
[SourceTitle "Ajedrez en Madrid"]
[Source "lmi"]
[SourceDate "2017.07.01"]
[SourceVersion "1"]
[SourceVersionDate "2019.06.14"]
[SourceQuality "1"]

1. e4 e5 2. Nf3 Nc6 3. Bb5 a6 4. Ba4 Nf6 5. O-O Be7 6. Re1 b5 7. Bb3 O-O 8. h3
d6 9. c3 Na5 10. Bc2 c5 11. d4 Nd7 12. a4 b4 13. cxb4 cxb4 14. Nbd2 exd4 15.
Nxd4 Bf6 16. N2b3 Nc4 17. a5 Qc7 18. Bd3 Nde5 19. Bf1 Bb7 20. Ra4 d5 21. Rxb4
dxe4 22. Bf4 Nxb2 23. Qd2 Bd5 24. Qxb2 Nf3+ 25. gxf3 Qxf4 26. Qd2 Qc7 27. fxe4
Bxb3 28. Rxb3 Rad8 29. Rd3 Qe5 30. Nc6 Rxd3 31. Qxd3 Qc5 32. Qd5 1-0

[Event "4. Torneo Campus Ourense 2017"]
[Site "Ourense ESP"]
[Date "2017.07.04"]
[Round "5.2"]
[White "Fernandez Romero, Ernesto"]
[Black "Strikovic, Aleksa"]
[Result "1/2-1/2"]
[WhiteElo "2470"]
[BlackElo "2509"]
[PlyCount "60"]
[EventDate "2017.07.01"]
[EventType "swiss"]
[EventRounds "9"]
[EventCountry "ESP"]
[SourceTitle "Ajedrez en Madrid"]
[Source "lmi"]
[SourceDate "2017.07.01"]
[SourceVersion "1"]
[SourceVersionDate "2019.06.14"]
[SourceQuality "1"]

1. e4 c5 2. Nf3 Nc6 3. d4 cxd4 4. Nxd4 e5 5. Nb5 a6 6. Nd6+ Bxd6 7. Qxd6 Qe7 8.
Qxe7+ Ngxe7 9. Nc3 d5 10. Nxd5 Nxd5 11. exd5 Nb4 12. Bd3 Nxd3+ 13. cxd3 Bf5 14.
f4 Rd8 15. fxe5 Rxd5 16. O-O Rxe5 17. d4 Rd5 18. Be3 Be6 19. Rac1 Ke7 20. a3
Rhd8 21. Rc7+ R8d7 22. Rfc1 f6 23. Rxd7+ Kxd7 24. Rc5 Rxc5 25. dxc5 Kc6 26. Kf2
Kd5 27. h4 Ke4 28. c6 bxc6 29. Bd2 Bd5 30. g4 h6 1/2-1/2

[Event "4. Torneo Campus Ourense 2017"]
[Site "Ourense ESP"]
[Date "2017.07.04"]
[Round "5.3"]
[White "Valmaña Canto, Jaime"]
[Black "Lariño Nieto, David"]
[Result "0-1"]
[WhiteElo "2356"]
[BlackElo "2495"]
[PlyCount "62"]
[EventDate "2017.07.01"]
[EventType "swiss"]
[EventRounds "9"]
[EventCountry "ESP"]
[SourceTitle "Ajedrez en Madrid"]
[Source "lmi"]
[SourceDate "2017.07.01"]
[SourceVersion "1"]
[SourceVersionDate "2019.06.14"]
[SourceQuality "1"]

1. Nf3 Nf6 2. g3 b5 3. Bg2 Bb7 4. Na3 b4 5. Nc4 g5 6. Na5 Bd5 7. c4 bxc3 8.
bxc3 c5 9. Qa4 Nc6 10. Nc4 g4 11. Nh4 e6 12. Ne3 Bxg2 13. Nhxg2 Rg8 14. h3 gxh3
15. Rxh3 Rb8 16. Nf4 Rg5 17. d3 Qc7 18. Nc4 Rg4 19. Nh5 Nd5 20. Nd6+ Qxd6 21.
Qxg4 Qe5 22. Bd2 Nxc3 23. Kf1 Nb1 24. Rxb1 Rxb1+ 25. Kg2 Qa1 26. Qf4 Rg1+ 27.
Kf3 f5 28. Qa4 Ne5+ 29. Ke3 Bh6+ 30. Nf4 Qf1 31. d4 Bxf4+ 0-1

[Event "4. Torneo Campus Ourense 2017"]
[Site "Ourense ESP"]
[Date "2017.07.04"]
[Round "5.4"]
[White "Medarde Santiago, Luis Marcos"]
[Black "Petkov, Vladimir"]
[Result "0-1"]
[WhiteElo "2354"]
[BlackElo "2489"]
[PlyCount "58"]
[EventDate "2017.07.01"]
[EventType "swiss"]
[EventRounds "9"]
[EventCountry "ESP"]
[SourceTitle "Ajedrez en Madrid"]
[Source "lmi"]
[SourceDate "2017.07.01"]
[SourceVersion "1"]
[SourceVersionDate "2019.06.14"]
[SourceQuality "1"]

1. e4 e5 2. Nf3 Nc6 3. Bc4 Bc5 4. c3 Nf6 5. d4 exd4 6. e5 d5 7. Bb5 Ne4 8. cxd4
Bb6 9. Nc3 O-O 10. Be3 Ne7 11. O-O Bg4 12. h3 Bh5 13. Ne2 f6 14. Nf4 Bxf3 15.
Qxf3 fxe5 16. dxe5 Ng6 17. Bc4 Nxf4 18. Qxe4 Kh8 19. Qf3 dxc4 20. Bxf4 g5 21.
Rad1 Qe7 22. e6 Rxf4 23. Qc3+ Rf6 24. Rde1 Rd8 25. Kh1 Rd4 26. f4 gxf4 27. g3
Rxe6 28. gxf4 Rxe1 29. Rxe1 Qf7 0-1

[Event "4. Torneo Campus Ourense 2017"]
[Site "Ourense ESP"]
[Date "2017.07.04"]
[Round "5.5"]
[White "Guerra Bastida, Diego"]
[Black "Gonzalez Perez, Arian"]
[Result "0-1"]
[WhiteElo "2326"]
[BlackElo "2461"]
[PlyCount "74"]
[EventDate "2017.07.01"]
[EventType "swiss"]
[EventRounds "9"]
[EventCountry "ESP"]
[SourceTitle "Ajedrez en Madrid"]
[Source "lmi"]
[SourceDate "2017.07.01"]
[SourceVersion "1"]
[SourceVersionDate "2019.06.14"]
[SourceQuality "1"]

1. c4 c6 2. Nf3 d5 3. e3 Nf6 4. Nc3 e6 5. b3 Nbd7 6. Qc2 Bd6 7. Bb2 Qe7 8. Rg1
Ne5 9. Nxe5 Bxe5 10. f4 Bd6 11. g4 h6 12. O-O-O Ba3 13. h4 Bxb2+ 14. Qxb2 dxc4
15. bxc4 e5 16. g5 Ng4 17. Be2 h5 18. Rde1 O-O 19. Kb1 exf4 20. exf4 Bf5+ 21.
Ka1 Qc5 22. Nd1 Rad8 23. Bxg4 Bxg4 24. Ne3 Bc8 25. Rg2 Qd4 26. Qxd4 Rxd4 27.
Rf2 Rfd8 28. f5 Rxh4 29. Kb2 Rh3 30. Rg1 g6 31. fxg6 fxg6 32. Rgf1 Rg3 33. Kc1
Rxg5 34. Rf7 h4 35. Rc7 h3 36. Rff7 Rh5 37. Rg7+ Kh8 0-1

[Event "4. Torneo Campus Ourense 2017"]
[Site "Ourense ESP"]
[Date "2017.07.04"]
[Round "6.1"]
[White "Petkov, Vladimir"]
[Black "Fedorchuk, Sergey A"]
[Result "1/2-1/2"]
[WhiteElo "2489"]
[BlackElo "2628"]
[PlyCount "31"]
[EventDate "2017.07.01"]
[EventType "swiss"]
[EventRounds "9"]
[EventCountry "ESP"]
[SourceTitle "Ajedrez en Madrid"]
[Source "lmi"]
[SourceDate "2017.07.01"]
[SourceVersion "1"]
[SourceVersionDate "2019.06.14"]
[SourceQuality "1"]

1. d4 Nf6 2. c4 e6 3. g3 Bb4+ 4. Bd2 Be7 5. Bg2 d5 6. Nf3 O-O 7. O-O c6 8. Qc2
b6 9. b3 Nbd7 10. Rd1 Ba6 11. Bf4 Nh5 12. Bc1 Nhf6 13. Bf4 Nh5 14. Bc1 Nhf6 15.
Bf4 Nh5 16. Bc1 1/2-1/2

[Event "4. Torneo Campus Ourense 2017"]
[Site "Ourense ESP"]
[Date "2017.07.04"]
[Round "6.2"]
[White "Strikovic, Aleksa"]
[Black "Lariño Nieto, David"]
[Result "1/2-1/2"]
[WhiteElo "2509"]
[BlackElo "2495"]
[PlyCount "49"]
[EventDate "2017.07.01"]
[EventType "swiss"]
[EventRounds "9"]
[EventCountry "ESP"]
[SourceTitle "Ajedrez en Madrid"]
[Source "lmi"]
[SourceDate "2017.07.01"]
[SourceVersion "1"]
[SourceVersionDate "2019.06.14"]
[SourceQuality "1"]

1. Nf3 d5 2. g3 c6 3. Bg2 Nf6 4. O-O Bg4 5. d4 Nbd7 6. Nbd2 e6 7. c3 Bd6 8. Re1
O-O 9. e4 dxe4 10. Nxe4 Nxe4 11. Rxe4 Nf6 12. Re1 h6 13. Qb3 Bxf3 14. Bxf3 Qb6
15. Qc2 Qc7 16. c4 Rfd8 17. Be3 Rd7 18. Red1 a5 19. Rd3 Rad8 20. Rad1 Be7 21.
Bf4 Bd6 22. Be3 Be7 23. Bf4 Bd6 24. Be3 Be7 25. Bf4 1/2-1/2

[Event "4. Torneo Campus Ourense 2017"]
[Site "Ourense ESP"]
[Date "2017.07.04"]
[Round "6.3"]
[White "Gonzalez Perez, Arian"]
[Black "Fernandez Romero, Ernesto"]
[Result "1/2-1/2"]
[WhiteElo "2461"]
[BlackElo "2470"]
[PlyCount "60"]
[EventDate "2017.07.01"]
[EventType "swiss"]
[EventRounds "9"]
[EventCountry "ESP"]
[SourceTitle "Ajedrez en Madrid"]
[Source "lmi"]
[SourceDate "2017.07.01"]
[SourceVersion "1"]
[SourceVersionDate "2019.06.14"]
[SourceQuality "1"]

1. e4 c5 2. Nf3 e6 3. d4 cxd4 4. Nxd4 Nc6 5. Nc3 Qc7 6. Be3 a6 7. Qd2 Nf6 8. f4
Bb4 9. Bd3 Na5 10. a3 Bxc3 11. Qxc3 Qxc3+ 12. bxc3 d5 13. e5 Ne4 14. Nb3 Nc4
15. Bxc4 dxc4 16. Na5 Bd7 17. Bd4 Rc8 18. O-O-O b6 19. Rhe1 bxa5 20. Rxe4 Bc6
21. Re2 Bd5 22. Bb6 a4 23. f5 Kd7 24. fxe6+ fxe6 25. Rf2 Rcf8 26. Rdf1 Rxf2 27.
Rxf2 h5 28. Rf7+ Kc6 29. Be3 Bxg2 30. Rxg7 Bd5 1/2-1/2

[Event "4. Torneo Campus Ourense 2017"]
[Site "Ourense ESP"]
[Date "2017.07.04"]
[Round "6.4"]
[White "Lazarev, Vladimir"]
[Black "Starostits, Ilmars"]
[Result "1/2-1/2"]
[WhiteElo "2417"]
[BlackElo "2412"]
[PlyCount "62"]
[EventDate "2017.07.01"]
[EventType "swiss"]
[EventRounds "9"]
[EventCountry "ESP"]
[SourceTitle "Ajedrez en Madrid"]
[Source "lmi"]
[SourceDate "2017.07.01"]
[SourceVersion "1"]
[SourceVersionDate "2019.06.14"]
[SourceQuality "1"]

1. d4 Nf6 2. c4 g6 3. Nc3 d5 4. Nf3 Bg7 5. Qb3 dxc4 6. Qxc4 O-O 7. e4 Nc6 8.
Be2 Bg4 9. d5 Na5 10. Qa4 Bxf3 11. Bxf3 c6 12. O-O b5 13. Qb4 a6 14. Bg5 cxd5
15. exd5 Rc8 16. d6 exd6 17. Rad1 Nc4 18. Bb7 Rc5 19. Qxc5 dxc5 20. Rxd8 Rxd8
21. Bxa6 h6 22. Bxb5 Nxb2 23. Bc1 Nd5 24. Nxd5 Rxd5 25. a4 Bd4 26. a5 c4 27.
Bxb2 Bxb2 28. Bxc4 Rxa5 29. Rd1 Ra1 30. Rxa1 Bxa1 31. g3 Kg7 1/2-1/2

[Event "4. Torneo Campus Ourense 2017"]
[Site "Ourense ESP"]
[Date "2017.07.04"]
[Round "6.5"]
[White "Del Rio De Angelis, Salvador G"]
[Black "Silva, Luis Neves Da"]
[Result "0-1"]
[WhiteElo "2522"]
[BlackElo "2331"]
[PlyCount "80"]
[EventDate "2017.07.01"]
[EventType "swiss"]
[EventRounds "9"]
[EventCountry "ESP"]
[SourceTitle "Ajedrez en Madrid"]
[Source "lmi"]
[SourceDate "2017.07.01"]
[SourceVersion "1"]
[SourceVersionDate "2019.06.14"]
[SourceQuality "1"]

1. d4 Nf6 2. c4 g6 3. Nc3 d5 4. e3 Bg7 5. cxd5 Nxd5 6. Nxd5 Qxd5 7. Ne2 O-O 8.
Nc3 Qd8 9. Be2 c5 10. d5 e6 11. e4 exd5 12. exd5 b6 13. O-O Bb7 14. Bf3 Nd7 15.
d6 Bxf3 16. Qxf3 Ne5 17. Qd5 Qd7 18. Bf4 Rae8 19. Rad1 Nc6 20. Rd2 Re6 21. Nb5
Rf6 22. Bg3 Rf5 23. Qe4 Re8 24. Qb1 Nd4 25. Nxd4 Bxd4 26. Re1 Rf6 27. Rde2 Rfe6
28. Rxe6 Rxe6 29. h4 Kf8 30. Rxe6 Qxe6 31. Qd3 Qxa2 32. Qe4 Qe6 33. Qa8+ Kg7
34. Qxa7 Qe1+ 35. Kh2 Bxf2 36. Bxf2 Qxf2 37. d7 Qxh4+ 38. Kg1 Qd4+ 39. Kh1 Qd1+
40. Kh2 Qd6+ 0-1

[Event "4. Torneo Campus Ourense 2017"]
[Site "Ourense ESP"]
[Date "2017.07.04"]
[Round "6.10"]
[White "Gomez Dieguez, David"]
[Black "Valmaña Canto, Jaime"]
[Result "0-1"]
[WhiteElo "2206"]
[BlackElo "2356"]
[PlyCount "68"]
[EventDate "2017.07.01"]
[EventType "swiss"]
[EventRounds "9"]
[EventCountry "ESP"]
[SourceTitle "Ajedrez en Madrid"]
[Source "lmi"]
[SourceDate "2017.07.01"]
[SourceVersion "1"]
[SourceVersionDate "2019.06.14"]
[SourceQuality "1"]

1. e4 c5 2. Nf3 d6 3. Nc3 Nf6 4. g3 Nc6 5. d4 Bg4 6. d5 Nd4 7. Bg2 g6 8. h3
Bxf3 9. Bxf3 Nxf3+ 10. Qxf3 Qd7 11. Qe2 a6 12. g4 Bg7 13. Bf4 h5 14. g5 Nh7 15.
e5 O-O 16. Qe4 dxe5 17. Be3 b5 18. O-O-O b4 19. Ne2 Rfc8 20. c4 bxc3 21. Nxc3
Rab8 22. a3 Rb3 23. Rd2 Rcb8 24. h4 c4 25. Qxc4 Qb7 26. Na4 Rxa3 27. Nc5 Ra1+
28. Kc2 Qxb2+ 29. Kd3 Qa3+ 30. Ke2 Rxh1 31. Nd7 Qa1 32. Kf3 Rd8 33. Qc7 e4+ 34.
Kxe4 Qa4+ 0-1

[Event "4. Torneo Campus Ourense 2017"]
[Site "Ourense ESP"]
[Date "2017.07.05"]
[Round "7.1"]
[White "Fedorchuk, Sergey A"]
[Black "Strikovic, Aleksa"]
[Result "1-0"]
[WhiteElo "2628"]
[BlackElo "2509"]
[PlyCount "49"]
[EventDate "2017.07.01"]
[EventType "swiss"]
[EventRounds "9"]
[EventCountry "ESP"]
[SourceTitle "Ajedrez en Madrid"]
[Source "lmi"]
[SourceDate "2017.07.01"]
[SourceVersion "1"]
[SourceVersionDate "2019.06.14"]
[SourceQuality "1"]

1. e4 e5 2. Nf3 Nc6 3. Bb5 Bc5 4. c3 Nf6 5. O-O Nxe4 6. Qe2 d5 7. d3 Nf6 8. d4
Be7 9. Nxe5 Bd7 10. Bxc6 Bxc6 11. Re1 a5 12. Bg5 Kf8 13. Nxc6 bxc6 14. Nd2 Ng8
15. Bxe7+ Nxe7 16. Qh5 Qd7 17. Nb3 Qf5 18. Qe2 Qd7 19. Nc5 Qd6 20. Qf3 Kg8 21.
Re3 g6 22. Nb7 Qd7 23. Qf6 Nf5 24. Re5 h5 25. Rae1 1-0

[Event "4. Torneo Campus Ourense 2017"]
[Site "Ourense ESP"]
[Date "2017.07.05"]
[Round "7.3"]
[White "Lariño Nieto, David"]
[Black "Lazarev, Vladimir"]
[Result "0-1"]
[WhiteElo "2495"]
[BlackElo "2417"]
[PlyCount "96"]
[EventDate "2017.07.01"]
[EventType "swiss"]
[EventRounds "9"]
[EventCountry "ESP"]
[SourceTitle "Ajedrez en Madrid"]
[Source "lmi"]
[SourceDate "2017.07.01"]
[SourceVersion "1"]
[SourceVersionDate "2019.06.14"]
[SourceQuality "1"]

1. b3 d5 2. Bb2 Bg4 3. h3 Bh5 4. Nf3 Bxf3 5. exf3 e6 6. f4 Nf6 7. Qe2 Nc6 8.
Qb5 a6 9. Bxf6 gxf6 10. Qe2 Qd6 11. g3 O-O-O 12. Bg2 e5 13. Nc3 Nd4 14. Qd3 Qc5
15. Rc1 exf4 16. g4 h5 17. Bf3 hxg4 18. Bxg4+ Kb8 19. Na4 Qe7+ 20. Kf1 Qe4 21.
Qxe4 dxe4 22. Re1 f5 23. Bd1 f3 24. Nb2 b5 25. c3 Ne6 26. d3 Ba3 27. dxe4 fxe4
28. Rxe4 Bxb2 29. Bxf3 Ng5 30. Rf4 Bxc3 31. Be2 f6 32. a4 c6 33. axb5 axb5 34.
h4 Be5 35. Rg4 Ne6 36. h5 Nf4 37. h6 Rd7 38. Bf3 Kc7 39. Rhh4 Rdh7 40. Rxf4
Bxf4 41. Rxf4 Rxh6 42. Rf5 Rd8 43. Rc5 Rd6 44. Be4 Rh4 45. f3 Rh2 46. Ke1 Kb6
47. Rc3 c5 48. Bf5 Rdd2 0-1

[Event "4. Torneo Campus Ourense 2017"]
[Site "Ourense ESP"]
[Date "2017.07.05"]
[Round "7.6"]
[White "Starostits, Ilmars"]
[Black "Padeiro, Jose"]
[Result "1-0"]
[WhiteElo "2412"]
[BlackElo "2276"]
[PlyCount "57"]
[EventDate "2017.07.01"]
[EventType "swiss"]
[EventRounds "9"]
[EventCountry "ESP"]
[SourceTitle "Ajedrez en Madrid"]
[Source "lmi"]
[SourceDate "2017.07.01"]
[SourceVersion "1"]
[SourceVersionDate "2019.06.14"]
[SourceQuality "1"]

1. d4 d5 2. Nf3 Nf6 3. c4 c6 4. e3 Bg4 5. Nc3 e6 6. Qb3 Qb6 7. Ne5 Bf5 8. c5
Qc7 9. f3 h5 10. e4 dxe4 11. Bf4 Qc8 12. fxe4 Nxe4 13. Bc4 Nxc3 14. bxc3 Be7
15. O-O Nd7 16. Nxf7 Kxf7 17. Bd6 Nf6 18. Rxf5 Bxd6 19. Re1 Re8 20. cxd6 Qd7
21. Rfe5 Nd5 22. Rxh5 b5 23. Rf1+ Nf6 24. Be2 Qxd6 25. Rg5 Rh8 26. Bh5+ Kf8 27.
Re5 Rh6 28. Rxe6 Qd5 29. Bf3 1-0